Statystyki dla Drużyny Serie A w sezonie 19/20

Kliknij tutaj aby rozwiązać quiz!

Ogólne statystyki

  • Ten quiz został rozwiązany 40 razy
  • Średni wynik to 14 z 20

Statystyki odpowiedzi

L.klubówOdpowiedź% Poprawnych
2AC Milan
100%
1Juventus
97%
5AS Roma
95%
6Napoli
95%
3Inter Mediolan
92%
17Lazio
90%
19Atalanta
85%
10Fiorentina
85%
13Sampdoria
79%
9Genoa
69%
14Torino
67%
7Bologna
62%
20Hellas Verona
62%
16Sassuolo
62%
12Parma
59%
4Cagliari
54%
15Udinese
54%
8Brescia
49%
11Spal
49%
18Lecce
46%

Rozkład punktacji

Percentyl według liczby udzielonych odpowiedzi

Procent ludzi z każdym wynikiem

Twoja historia wyników

Nie rozwiązałeś tego quizu